Big 5 American sports leagues stadium terms - Statistics

General Stats
  • This quiz has been taken 37 times
  • The average score is 17 of 24
Answer Stats
Sport # in league Answer % Correct
Football 🏈 7 Field
100%
Baseball ⚾️ 10 Field
100%
Soccer ⚽️ 7 Field
100%
Football 🏈 24 Stadium
100%
Baseball ⚾️ 5 Stadium
100%
Soccer ⚽️ 12 Stadium
100%
Basketball 🏀 6 Arena
97%
Hockey 🏒 15 Arena
97%
Soccer ⚽️ 1 Arena
97%
Baseball ⚾️ 13 Park
97%
Soccer ⚽️ 7 Park
97%
Hockey 🏒 13 Center/Centre
88%
Baseball ⚾️ 1 Centre
88%
Basketball 🏀 16 Center
82%
Basketball 🏀 2 Garden
70%
Hockey 🏒 2 Garden
70%
Basketball 🏀 1 Dome
58%
Basketball 🏀 2 Fieldhouse
33%
Hockey 🏒 1 Place
33%
Soccer ⚽️ 1 Place
33%
Football 🏈 1 Superdome
30%
Basketball 🏀 2 Forum
27%
Baseball ⚾️ 1 Coliseum
24%
Hockey 🏒 1 Saddledome
12%
No matching quizzes found
Score Distribution
Percent of People with Each Score
Percentile by Number Answered
Your Score History
You have not taken this quiz